Manual of traffic engineering studies (Record no. 33603)

000 -LEADER
fixed length control field 00526nam a22001937a 4500
001 - CONTROL NUMBER
control field 33603
003 - CONTROL NUMBER IDENTIFIER
control field BD-DhUET
008 - FIXED-LENGTH DATA ELEMENTS--GENERAL INFORMATION
fixed length control field 150917b xxu||||| |||| 00| 0 eng d
040 ## - CATALOGING SOURCE
Transcribing agency DLC
Modifying agency BD-DhUET
082 ## - DEWEY DECIMAL CLASSIFICATION NUMBER
Classification number 388.312
Item number CLE/1964
100 ## - MAIN ENTRY--PERSONAL NAME
Personal name Cleveland, Donald E.
245 ## - TITLE STATEMENT
Title Manual of traffic engineering studies
250 ## - EDITION STATEMENT
Edition statement 3rd ed.
260 ## - PUBLICATION, DISTRIBUTION, ETC. (IMPRINT)
Place of publication, distribution, etc. Woshington .D. C.
Name of publisher, distributor, etc. Institute of traffic Engineers
Date of publication, distribution, etc. 1964
300 ## - PHYSICAL DESCRIPTION
Extent xii, 187 p.
Other physical details ill
504 ## - BIBLIOGRAPHY, ETC. NOTE
Bibliography, etc Includes bibliographies
650 #0 - SUBJECT ADDED ENTRY--TOPICAL TERM
Topical term or geographic name as entry element Traffic engineering
942 ## - ADDED ENTRY ELEMENTS (KOHA)
Koha item type Edited Book
Holdings
Sublocation or collection (holding branch) Source of classification or shelving scheme Date acquired Koha date last seen Koha item type Not for loan Copy number Location (home branch) Withdrawn status Lost status Koha normalized classification for sorting Damaged status Shelving location Price effective from Piece designation (barcode) Koha full call number
Central Library, BUET 2015-09-172015-09-17Edited Book 1Central Library, BUET  388_312000000000000_CLE_1964 Reference section2015-09-1784362388.312/CLE/1964
Central Library, BUET 2017-03-122017-03-25Edited Book 2Central Library, BUET  388_312000000000000_CLE_1964 Circulation section2017-03-1222130388.312/CLE/1964
Central Library, BUET 2017-03-122017-03-12Edited Book 3Central Library, BUET  388_312000000000000_CLE_1964 Circulation section2017-03-1222128388.312/CLE/1964
Central Library, BUET 2017-03-122017-03-12Edited Book 4Central Library, BUET  388_312000000000000_CLE_1964 Circulation section2017-03-1222126388.312/CLE/1964
Central Library, BUET 2017-03-122017-03-12Edited Book 5Central Library, BUET  388_312000000000000_CLE_1964 Circulation section2017-03-1222127388.312/CLE/1964
Central Library, BUET 2017-03-122017-03-12Edited Book 6Central Library, BUET  388_312000000000000_CLE_1964 Circulation section2017-03-1222129388.312/CLE/1964